000 00506nam a2200169Ia 4500
005 20250227091553.0
008 231217s9999 xx 000 0 und d
020 _a9788177587463
082 _a621.38481 QUA;16
100 _aQuatieri,Thomas F.
245 0 _aDiscrete-time speech signal processing : principles and practice
260 _c2002
_bDarling Kindersley
_aNoida
300 _axix,781
400 _aPrentice-Hall signal processing series
650 _aDiscrete-time,processing
942 _cAA
999 _c193918
_d193918